Evaluación de desempeño 360º aplicado al puesto de asesor comercial de una empresa de diagnóstica : caso de estudio: Bernardo Lew e Hijos S.R.L. /

Guardado en:
Otros Autores: Nielsen, María Belén. (Disertante), Pasquaré, Claudia Gabriela. (Orientador)
Formato: Manuscrito
Idioma:Spanish
Publicado: 2007.
Materias:
Etiquetas: Agregar Etiqueta
Sin Etiquetas, Sea el primero en etiquetar este registro!
LEADER 01172ntm a22002655a 4500
001 EAD.ead001375
008 080421s2007####ag#######bm###000#0#spa#d
005 20250317205015.0
245 1 0 |a Evaluación de desempeño 360º aplicado al puesto de asesor comercial de una empresa de diagnóstica :  |b caso de estudio: Bernardo Lew e Hijos S.R.L. /  |c María Belén Nielsen. 
260 |c 2007. 
300 |a 75 h. ;  |c 30 cm. 
502 |a Tesis (licenciatura)--Universidad Nacional del Sur. Departamento de Ciencias de la Administración, 2007. 
500 |a Director de tesis: Claudia Pasquaré. 
504 |a Incluye referencias bibliográficas. 
530 |a También disponible en formato digital. 
100 1 |a Nielsen, María Belén.  |4 dis 
700 1 |a Pasquaré, Claudia Gabriela.  |4 ths 
710 2 |a Universidad Nacional del Sur.  |b Departamento de Ciencias de la Administración  |4 dgg. 
082 0 4 |a 658.3125  |2 21 
650 7 |a Evaluación del desempeño.  |2 unbist 
650 7 |a Análisis de puestos.  |2 unbist 
653 |a Competencias 
650 7 |a Estudios de casos.  |2 unbist 
653 |a Tesis digitales 
859 |a AR-BaBDC  |b BIB. ADMINISTRACION - Tesis  |h 658.3125  |i N554  |k T  |p b05684